000
00233nam a2200097Ia 4500
008
200302s9999 xx 000 0 und d
100
_a
t p Issar
245
_a
Blossoms of Bangalore
260
_b
United Breweries Group
300
_a
194 P.,
999
_c
1036
_d
1036